Implementing organizational innovations (Record no. 46433)

MARC details
000 -LEADER
fixed length control field 00598nam a2200157 a 4500
008 - FIXED-LENGTH DATA ELEMENTS--GENERAL INFORMATION
fixed length control field 120416s1971 ||||||||||||||||| || u
050 ## - LIBRARY OF CONGRESS CALL NUMBER
Classification number LB 2805 Gro
100 ## - MAIN ENTRY--PERSONAL NAME
Personal name Bernstein, Marilyn
245 10 - TITLE STATEMENT
Title Implementing organizational innovations
246 ## - VARYING FORM OF TITLE
Title proper/short title a sociological analysis of planned educational change
260 ## - PUBLICATION, DISTRIBUTION, ETC.
Place of publication, distribution, etc. New York
Name of publisher, distributor, etc. Harper & Row
Date of publication, distribution, etc. 1971
300 ## - PHYSICAL DESCRIPTION
Extent vii, 309p. : ill.
350 ## - PRICE (NR) (BK AM CF MU VM SE) [OBSOLETE]
Price 0.00
700 ## - ADDED ENTRY--PERSONAL NAME
Personal name Gross, Neal Crasilneck
995 ## - RECOMMENDATION 995 [LOCAL, UNIMARC FRANCE]
-- 0.00
-- CBU-MAIN LIBRARY (Kitwe)
-- 1
-- 12.50
-- 1
-- AVAILABLE
-- Annex Low-Usage Collection
Holdings
Withdrawn status Lost status Source of classification or shelving scheme Damaged status Not for loan Home library Current library Shelving location Date acquired Total Checkouts Full call number Barcode Date last seen Price effective from Koha item type
          CBU-MAIN LIBRARY, KITWE. CBU-MAIN LIBRARY, KITWE.   11/30/2022   LB 2805 Gro 009202 11/30/2022 11/30/2022 MONOGRAPH